La idea de Europa en el Orbis Romanus: Propuestas y proyecciones actuales
Tallennettuna:
| Päätekijä: | |
|---|---|
| Aineistotyyppi: | Kirja |
| Kieli: | espanja |
| Julkaistu: |
Viña del Mar
Pontificia Universidad Católica de Valparaíso. Instituto de Historia
2002
|
| Aiheet: | |
| Tagit: |
Lisää tagi
Ei tageja, Lisää ensimmäinen tagi!
|
MARC
| LEADER | 00000nam a2200000 a 4500 | ||
|---|---|---|---|
| 001 | UCG1045 | ||
| 003 | CL-VaPUC | ||
| 008 | 100415e20020000cl 1 spa d | ||
| 082 | 0 | 4 | |a 940.1 |b BAN |2 21 |
| 100 | 1 | |a Bancalari Molina, Alejandro |e author |9 621550 | |
| 245 | 1 | 3 | |a La idea de Europa en el Orbis Romanus: Propuestas y proyecciones actuales |
| 246 | 1 | 0 | |a XX Semana de Estudios Romanos |
| 260 | |a Viña del Mar |b Pontificia Universidad Católica de Valparaíso. Instituto de Historia |c 2002 | ||
| 300 | |a pág. irreg | ||
| 650 | 0 | 7 | |a HISTORIA DE EUROPA SIGLOS 2-4 |2 CL-VaPUC |9 593104 |
| 650 | 0 | 7 | |a POLITICA ROMANA |2 CL-VaPUC |9 523263 |
| 650 | 0 | 0 | |a Imperio Romano |9 322785 |
| 942 | |c BK | ||
| 945 | |a dcastane |d 20100415 00:00:00 | ||
| 546 | |a En Español | ||
| 536 | |a Pontificia Universidad Católica de Valparaíso. Instituto de Historia | ||
| 518 | |p Semana de Estudios Romanos, 20, Viña del Mar, 22 al 25 octubre 2002 | ||
| 999 | |c 384508 |d 384506 | ||
| 583 | |k Rodrigo Vera | ||